000 00446pab a2200169 454500
008 180718b2009 xxu||||| |||| 00| 0 eng d
100 _aMo, Pak Hung
245 _aIncome distribution polarization and economic growth: Channels and effects
260 _c2009
300 _ap.107-123.
362 _aJan-Jun
650 _aEconomic growth
650 _aIncome distribution
773 _aIndian Economic Review
908 _aN
909 _a91913
999 _c91913
_d91913